| 000 | 00925cam a2200253 a 4500 | ||
|---|---|---|---|
| 001 | 15985685 | ||
| 005 | 20180315090701.0 | ||
| 008 | 091116s2010 mdua bf 001 0 eng | ||
| 010 | _a 2009047922 | ||
| 020 | _a9780810874268 (pbk. : alk. paper) | ||
| 020 | _a0810874261 | ||
| 035 | _a(OCoLC)ocn468232748 | ||
| 040 |
_aDLC _cDLC _dYDXCP _dC#P _dBWX _dCDX _dDLC |
||
| 041 | _aeng | ||
| 080 | _a028.7 FUL | ||
| 082 | 0 | 0 |
_a028.7 FUL _222 |
| 100 | 1 | _a28 | |
| 101 | _aSHK | ||
| 245 | 1 | 0 |
_aInformation pathways : _cCrystal Fulton. |
| 504 | _aIncludes bibliographical references and index. | ||
| 906 |
_a7 _bcbc _corignew _d1 _eecip _f20 _gy-gencatlg |
||
| 942 |
_2ddc _cBK |
||
| 999 |
_c45157 _d45157 |
||